| 000 | 00641nam a2200241Ia 4500 | ||
|---|---|---|---|
| 003 | OSt | ||
| 005 | 20221005065917.0 | ||
| 006 | a|||||r|||| 00| 0 | ||
| 007 | ta | ||
| 008 | 221004b |||||||| |||| 00| 0 mar d | ||
| 024 | _a40351 | ||
| 037 | _cTextual | ||
| 040 |
_aCRL _cCRL _bmar |
||
| 041 |
_2mar _amar |
||
| 082 | _aO155,2N25,2, L3 | ||
| 100 |
_aDalvi Jaywant _9226138 |
||
| 245 | 0 | _aSabhya garasth ho | |
| 260 |
_aMumbai _bG.P. prakashan India _c1973 |
||
| 300 |
_a70p. _ccm. |
||
| 650 |
_aMARATHI LITERATURE _938000 |
||
| 942 |
_hO155,2N25,2, L3 _cTEXL _2cc |
||
| 999 |
_c975415 _d975415 |
||